Statistiques concernant Paroles - Vivre ou Survivre - Daniel Balavoine

Cliquez ici pour prendre le quiz!

Statistiques générales

  • Ce quiz a été pris 453 fois
  • Le résultat moyen est 152 sur 208

Statistiques - réponses

Réponse% Correct
vivre
97%
Vivre
97%
à
96%
Ou
96%
ou
96%
survivre
96%
Et
95%
et
95%
Heure
93%
se
93%
ce
92%
De
92%
Malheureux
92%
malheureux
92%
heureux
90%
Être
89%
qui
89%
Qui
89%
Sans
89%
sans
89%
Seul
89%
seul
89%
deux
88%
deux...
88%
il
88%
ceux
87%
même
87%
pour
86%
aime
85%
le
85%
tous
84%
blesser
82%
la
82%
faut
81%
les
79%
pourtant
79%
poème
78%
qu'on
77%
Qu'on
77%
nous
75%
du
73%
Du
73%
Mais
73%
pas
73%
je
72%
Tout
72%
que
69%
aiment
68%
veut
66%
est
64%
plus
63%
qu'il
62%
veux
62%
matin
61%
Au
60%
en
59%
En
59%
n'est
58%
N'est
58%
passé
58%
dans
56%
dire
56%
d'un
56%
D'un
56%
j'aime
56%
amour
52%
chagrin
52%
bien
50%
l'aiment
46%
photo
46%
Pleure
46%
monde
45%
Quand
45%
roman
45%
vieux
45%
toujours
44%
yeux
44%
film
43%
repasse
43%
rien
43%
Toute
43%
aux
42%
humide
42%
misère
42%
sonne
42%
trop
42%
court
41%
Court
41%
déjà
41%
Terre
41%
adieu
40%
côté
40%
Notre
40%
secours
40%
silence
40%
appels
39%
inutiles
36%
pensant
36%
sourd
36%
qu'un
35%
blanc
34%
futur
34%
Noir
34%
phrases
34%
souffrances
34%
discours
33%
N'entends
33%
couleurs
30%
l'amour
30%
savent
29%
Seules
28%
Fleurs
27%
s'effondre
27%
velours
27%
meurent
24%
fânées
23%

Distribution des résultats

Percentile par nombre de réponses

% des personnes avec chaque résultat

Votre développement - résultats

Vous n’avez pas pris ce quiz